Value based marketing for bottom-line success : (Record no. 129456)
[ view plain ]
| 000 -LEADER | |
|---|---|
| fixed length control field | 00933nam a22002777a 4500 |
| 003 - CONTROL NUMBER IDENTIFIER | |
| control field | dpl |
| 005 - DATE AND TIME OF LATEST TRANSACTION | |
| control field | 20180613164606.0 |
| 008 - FIXED-LENGTH DATA ELEMENTS--GENERAL INFORMATION | |
| fixed length control field | 180613b xxu||||| |||| 00| 0 eng d |
| 010 ## - LIBRARY OF CONGRESS CONTROL NUMBER | |
| LC control number | B-157558 |
| 020 ## - INTERNATIONAL STANDARD BOOK NUMBER | |
| Terms of availability | 00.00 |
| International Standard Book Number | 0070598371 |
| 035 ## - SYSTEM CONTROL NUMBER | |
| System control number | A-895165, B-157561 |
| 037 ## - SOURCE OF ACQUISITION | |
| Source of stock number/acquisition | Cen Lib/Ret |
| 040 ## - CATALOGING SOURCE | |
| Original cataloging agency | DPL |
| Language of cataloging | EN |
| Transcribing agency | 0 |
| 082 ## - DEWEY DECIMAL CLASSIFICATION NUMBER | |
| Classification number | 658.8 |
| Item number | DEB |
| 100 ## - MAIN ENTRY--PERSONAL NAME | |
| Personal name | De Bonis, J. Nicholas |
| 9 (RLIN) | 102221 |
| 245 ## - TITLE STATEMENT | |
| Title | Value based marketing for bottom-line success : |
| Statement of responsibility, etc | by J.Nicholas De Bonis, Eric W. Balinski [and] Phill Allen |
| Remainder of title | 5 steps to creating customer value / |
| 260 ## - PUBLICATION, DISTRIBUTION, ETC. (IMPRINT) | |
| Place of publication, distribution, etc | New Delhi |
| Name of publisher, distributor, etc | Tata McGraw Hill Publishing Company |
| Date of publication, distribution, etc | 2004 |
| 270 ## - ADDRESS | |
| City | New Delhi |
| Address | 7 west patel nagar |
| Postal code | 110008 |
| 300 ## - PHYSICAL DESCRIPTION | |
| Extent | xix, 245p. |
| Dimensions | 23cm(Hb) |
| 500 ## - GENERAL NOTE | |
| General note | Includes index |
| 650 ## - SUBJECT ADDED ENTRY--TOPICAL TERM | |
| Topical term or geographic name as entry element | Marketing |
| 9 (RLIN) | 6818 |
| 650 ## - SUBJECT ADDED ENTRY--TOPICAL TERM | |
| Topical term or geographic name as entry element | Business |
| 9 (RLIN) | 8513 |
| 700 ## - ADDED ENTRY--PERSONAL NAME | |
| Personal name | Balinski, Eric |
| 9 (RLIN) | 26411 |
| 700 ## - ADDED ENTRY--PERSONAL NAME | |
| Personal name | Allen, Phil |
| 9 (RLIN) | 26412 |
| 942 ## - ADDED ENTRY ELEMENTS (KOHA) | |
| Source of classification or shelving scheme | Dewey Decimal Classification |
| Koha item type | English Books |
| Classification part | 658.8 |
| Call number suffix | DEB |
| Withdrawn status | Lost status | Damaged status | Not for loan | Home library | Current library | Date acquired | Source of acquisition | Cost, normal purchase price | Total Checkouts | Full call number | Barcode | Date last seen | Copy number | Cost, replacement price | Price effective from | Koha item type | Source of classification or shelving scheme | Collection code |
|---|---|---|---|---|---|---|---|---|---|---|---|---|---|---|---|---|---|---|
| Central Library | Central Library | 06/07/2015 | Cen Lib/Ret | 0.00 | 658.8 DEB | B-157558 | 06/07/2015 | 1 | 0.00 | 06/07/2015 | English Books | |||||||
| Sarojini Nagar | Sarojini Nagar | 07/05/2019 | 658.8 DEB | B-157559 | 07/05/2019 | 07/05/2019 | English Books | Dewey Decimal Classification | Non-fiction | |||||||||
| Shahdara Branch | Shahdara Branch | 13/06/2018 | BPPD/PUB | 0.00 | 658.8 DEB | B-157561 | 13/06/2018 | 0.00 | 13/06/2018 | English Books | Dewey Decimal Classification | Non-fiction |
